[Event "World Junior Championship (Girls)"]
[Site "Yerevan ARM"]
[Date "2007.10.03"]
[EventDate "2007.10.03"]
[Round "1"]
[Result "0-1"]
[White "Varduhi Kalashyan"]
[Black "Sopiko Guramishvili"]
[WhiteElo "2059"]
[BlackElo "2307"]
[PlyCount "78"]

1. e4 c5 2. Nf3 d6 3. d4 cxd4 4. Nxd4 Nf6 5. Nc3 a6 6. Be2 e5
7. Nb3 Be7 8. O-O O-O 9. Qd3 Nbd7 10. Bg5 b6 11. Nd5 Nxd5
12. Qxd5 Ra7 13. Bxe7 Qxe7 14. Rfd1 Bb7 15. Qxd6 Qxd6 16. Rxd6
Bxe4 17. c3 Bf5 18. Nd2 Rb8 19. g4 Be6 20. Ne4 Kf8 21. Ng5 Ke7
22. Rad1 Bxa2 23. Bxa6 Bb3 24. R1d2 Nc5 25. Bb5 f6 26. Nf3 Be6
27. Bc6 Bxg4 28. b4 Nb3 29. R2d3 Nc1 30. Rd2 Ra3 31. h3 Bxh3
32. c4 Bg4 33. Kg2 Ne2 34. c5 bxc5 35. bxc5 Bxf3+ 36. Bxf3
Nf4+ 37. Kg3 Rbb3 38. Rd7+ Ke6 39. Kg4 h5+ 0-1

[Event "World Junior Championship (Girls)"]
[Site "Yerevan ARM"]
[Date "2007.10.04"]
[EventDate "2007.10.03"]
[Round "2"]
[Result "1-0"]
[White "Sopiko Guramishvili"]
[Black "Haritomeni Markantonaki"]
[WhiteElo "2307"]
[BlackElo "2161"]
[PlyCount "111"]

1. c4 e6 2. Nc3 Nf6 3. Nf3 b6 4. g3 Bb7 5. Bg2 c5 6. O-O Be7
7. Re1 Nc6 8. d4 Nxd4 9. Nxd4 Bxg2 10. Kxg2 cxd4 11. Qxd4 Bc5
12. Qd3 Qc7 13. f3 h5 14. Bf4 Qc6 15. Nb5 Ke7 16. e4 a6
17. Nc7 Rag8 18. Nxa6 g5 19. Be5 d6 20. Bxf6+ Kxf6 21. b4 Ra8
22. bxc5 bxc5 23. e5+ dxe5 24. Qe3 Qxa6 25. Qxe5+ Kg6 26. Qe4+
Kf6 27. h4 gxh4 28. Qxh4+ Kg6 29. Qe4+ Kg7 30. Re2 Rhd8
31. Rh1 Qd6 32. Rxh5 Kf8 33. Rh8+ Ke7 34. Qh4+ Kd7 35. Rh7 Kc8
36. Rxf7 Ra4 37. Qg4 Rd7 38. Rf6 Kc7 39. Rfxe6 Qd3 40. Qf4+
Kb7 41. Qe4+ Qxe4 42. R6xe4 Rd4 43. Re7+ Ka6 44. R2e6+ Ka5
45. Ra7+ Kb4 46. Rxa4+ Kxa4 47. Re4 Rd2+ 48. Kh3 Kb4 49. g4
Rxa2 50. g5 Kc3 51. Kg4 Rg2+ 52. Kf5 Kd3 53. Rg4 Rf2 54. Kf4
Rc2 55. g6 Rxc4+ 56. Kf5 1-0

[Event "World Junior Championship (Girls)"]
[Site "Yerevan ARM"]
[Date "2007.10.06"]
[EventDate "2007.10.03"]
[Round "4"]
[Result "1/2-1/2"]
[White "Sopiko Guramishvili"]
[Black "Eesha Karavade"]
[WhiteElo "2307"]
[BlackElo "2331"]
[PlyCount "36"]

1. d4 Nf6 2. c4 g6 3. Nc3 d5 4. Nf3 Bg7 5. Bg5 Ne4 6. cxd5
Nxg5 7. Nxg5 e6 8. Qd2 h6 9. Nh3 exd5 10. Qe3+ Kf8 11. Nf4 c6
12. Qf3 Qf6 13. e3 h5 14. Bd3 Bg4 15. Qg3 Bf5 16. Bxf5 Qxf5
17. Rd1 h4 18. Qh3 Qxh3 1/2-1/2

[Event "World Junior Championship (Girls)"]
[Site "Yerevan ARM"]
[Date "2007.10.07"]
[EventDate "2007.10.03"]
[Round "5"]
[Result "1-0"]
[White "Dronavalli Harika"]
[Black "Sopiko Guramishvili"]
[WhiteElo "2480"]
[BlackElo "2307"]
[PlyCount "165"]

1. d4 e6 2. c4 Bb4+ 3. Nc3 Ne7 4. e3 O-O 5. Nge2 c5 6. dxc5
Bxc5 7. Nf4 Nbc6 8. Be2 Ng6 9. O-O Nxf4 10. exf4 f5 11. Be3
Be7 12. Qd2 Rf7 13. Rad1 b6 14. Bf3 Qf8 15. Nb5 Rb8 16. a3 Na5
17. Be2 a6 18. Nd6 Nb3 19. Qd3 Nc5 20. Bxc5 bxc5 21. Nxf7 Qxf7
22. Bf3 Qf8 23. Rb1 Qd8 24. Rfc1 Qc7 25. g3 a5 26. b3 Rb6
27. Qc3 Rb8 28. Qd2 Kf7 29. Rd1 Qa7 30. Bg2 Rb6 31. Qe2 Kg8
32. Qh5 g6 33. Qf3 Rb8 34. Qc3 Qb6 35. h4 h5 36. Rd3 Kf7
37. Rbd1 Qa7 38. Bf3 Bf6 39. Qd2 Ke7 40. Qe2 Bd4 41. Qe1 Bf6
42. Bg2 Qa6 43. Qe3 Qa7 44. Rd5 Bd4 45. R5xd4 cxd4 46. Rxd4
Rxb3 47. Rxd7+ Qxd7 48. Qxb3 Qd4 49. Qb8 Qxc4 50. Qa7+ Bd7
51. Qxa5 Qc1+ 52. Kh2 Qc2 53. Qb4+ Kf7 54. Qd4 Be8 55. Bf3 Qb3
56. Qa7+ Kf6 57. Qa8 Qb5 58. Kg2 Kf7 59. Qb7+ Qxb7 60. Bxb7
Ke7 61. Kf3 Kd6 62. Ke3 Kc5 63. Kd3 Bd7 64. Kc3 Kb6 65. Bf3
Kc5 66. Bd1 Kd5 67. Kd3 Kc5 68. Bb3 Bb5+ 69. Kc3 Bd7 70. Bc4
Bc8 71. a4 Kd6 72. Kd4 Bb7 73. a5 Ba8 74. Be2 Bc6 75. a6 Bd5
76. Ke3 Kc5 77. Bf3 Bxf3 78. Kxf3 Kb6 79. Ke3 Kxa6 80. Kd4 Kb5
81. Ke5 Kc4 82. Kxe6 Kd3 83. Kf6 1-0

[Event "World Junior Championship (Girls)"]
[Site "Yerevan ARM"]
[Date "2007.10.08"]
[EventDate "2007.10.03"]
[Round "6"]
[Result "1/2-1/2"]
[White "Sopiko Guramishvili"]
[Black "Zuzana Borosova"]
[WhiteElo "2307"]
[BlackElo "2233"]
[PlyCount "37"]

1. d4 Nf6 2. c4 e6 3. Nc3 Bb4 4. Bg5 h6 5. Bh4 c5 6. d5 b5
7. dxe6 fxe6 8. cxb5 d5 9. a3 Ba5 10. e3 Bb7 11. Nf3 Nbd7
12. Bd3 O-O 13. O-O Qe8 14. Qc2 e5 15. Bg6 Qe6 16. Bf5 Qe8
17. Bg6 Qe6 18. Bf5 Qe8 19. Bg6 1/2-1/2

[Event "World Junior Championship (Girls)"]
[Site "Yerevan ARM"]
[Date "2007.10.09"]
[EventDate "2007.10.03"]
[Round "7"]
[Result "1-0"]
[White "Anna Gasik"]
[Black "Sopiko Guramishvili"]
[WhiteElo "2191"]
[BlackElo "2307"]
[PlyCount "73"]

1. e4 c5 2. Nc3 Nc6 3. g3 a6 4. Bg2 b5 5. Nf3 e6 6. O-O b4
7. Nd5 Nge7 8. Ne3 g6 9. e5 Bg7 10. Nc4 O-O 11. d3 Nd5 12. a3
bxa3 13. Rxa3 f6 14. exf6 Bxf6 15. Bh6 Bg7 16. Bxg7 Kxg7
17. d4 Qe7 18. Nce5 Nxe5 19. Nxe5 Rb8 20. dxc5 Qxc5 21. Bxd5
exd5 22. Rc3 Qe7 23. Re1 Qd6 24. Qd4 Qb6 25. Rc5 Qf6 26. Rxd5
Rb4 27. c4 Kh8 28. Re4 Qg7 29. Rd6 Ra4 30. Rxg6 Ra1+ 31. Kg2
hxg6 32. Nxg6+ Kh7 33. Rh4+ Kg8 34. Rh8+ Kf7 35. Rxf8+ Kxg6
36. Qg4+ Kh7 37. Qh5+ 1-0

[Event "World Junior Championship (Girls)"]
[Site "Yerevan ARM"]
[Date "2007.10.11"]
[EventDate "2007.10.03"]
[Round "8"]
[Result "1-0"]
[White "Sopiko Guramishvili"]
[Black "Simona Limontaite"]
[WhiteElo "2307"]
[BlackElo "2141"]
[PlyCount "77"]

1. g3 Nf6 2. Bg2 c5 3. Nf3 e6 4. c4 Be7 5. O-O O-O 6. d4 cxd4
7. Nxd4 a6 8. e4 d6 9. b3 Qc7 10. Bb2 Nbd7 11. Nc3 Rb8 12. f4
Re8 13. Kh1 Bf8 14. Qe2 e5 15. Nc2 exf4 16. gxf4 Nc5 17. f5
Qd8 18. b4 Ncd7 19. Ne3 b5 20. cxb5 axb5 21. Ned5 Bb7
22. Nxf6+ Nxf6 23. Rad1 Qe7 24. Rfe1 Bc6 25. Qf1 Qb7 26. Qf4
Rbd8 27. Qh4 Be7 28. Qg3 Bf8 29. Nd5 Nh5 30. Nf6+ Nxf6
31. Bxf6 g6 32. Bxd8 Rxd8 33. fxg6 hxg6 34. e5 d5 35. a3 Bg7
36. e6 Qa7 37. e7 Re8 38. Qd6 Qb7 39. Rc1 1-0

[Event "World Junior Championship (Girls)"]
[Site "Yerevan ARM"]
[Date "2007.10.13"]
[EventDate "2007.10.03"]
[Round "10"]
[Result "1/2-1/2"]
[White "Sopiko Guramishvili"]
[Black "Gulmira Dauletova"]
[WhiteElo "2307"]
[BlackElo "2210"]
[PlyCount "52"]

1. d4 Nf6 2. c4 g6 3. Nc3 Bg7 4. Nf3 O-O 5. Bg5 d6 6. e3 Na6
7. Be2 Qe8 8. O-O e5 9. a3 h6 10. Bh4 g5 11. Bg3 e4 12. Nd2
Bf5 13. b4 Nb8 14. Rc1 Nc6 15. b5 Nd8 16. Nd5 Nxd5 17. cxd5
Qe7 18. Rc3 Bg6 19. Qc1 Rc8 20. Nc4 Ra8 21. Nd2 Rc8 22. Nc4
Ra8 23. f3 exf3 24. Bxf3 f5 25. Qc2 Kh7 26. Qd2 b6 1/2-1/2

[Event "World Junior Championship (Girls)"]
[Site "Yerevan ARM"]
[Date "2007.10.14"]
[EventDate "2007.10.03"]
[Round "11"]
[Result "1-0"]
[White "Batkhuyag Munguntuul"]
[Black "Sopiko Guramishvili"]
[WhiteElo "2405"]
[BlackElo "2307"]
[PlyCount "81"]

1. e4 c5 2. Nc3 a6 3. Nf3 d6 4. a4 Nc6 5. Be2 g6 6. d4 cxd4
7. Nxd4 Bg7 8. Be3 Nf6 9. O-O O-O 10. f4 e5 11. Nxc6 bxc6
12. fxe5 dxe5 13. Qe1 a5 14. Bc5 Re8 15. Rd1 Qc7 16. Qh4 Rd8
17. Rde1 Ne8 18. Bc4 Nd6 19. Bxd6 Rxd6 20. Rxf7 Qb6+ 21. Kh1
Be6 22. Qe7 Bxf7 23. Bxf7+ Kh8 24. Qxd6 Qf2 25. Rd1 Qxf7
26. Qxc6 Rf8 27. Qc5 h5 28. Nd5 Qb7 29. b3 Qa6 30. Qb5 Qc8
31. Qe2 Qc5 32. c3 Rf2 33. Qa6 Qf8 34. b4 axb4 35. cxb4 Kh7
36. a5 g5 37. Kg1 Rb2 38. Rf1 Qd8 39. Qe6 Qb8 40. Qf7 Kh6
41. Nf6 1-0

[Event "World Junior Championship (Girls)"]
[Site "Yerevan ARM"]
[Date "2007.10.16"]
[EventDate "2007.10.03"]
[Round "13"]
[Result "0-1"]
[White "Nune Darbinyan"]
[Black "Sopiko Guramishvili"]
[WhiteElo "2089"]
[BlackElo "2307"]
[PlyCount "80"]

1. Nf3 b5 2. e4 Bb7 3. Bxb5 Bxe4 4. O-O e6 5. Re1 Bb7 6. d4
Be7 7. c4 Nf6 8. Nc3 O-O 9. Qe2 c6 10. Ba4 Ba6 11. Bc2 d5
12. Bd3 Nbd7 13. Bf4 dxc4 14. Bxc4 Bxc4 15. Qxc4 Nd5 16. Nxd5
cxd5 17. Qa4 Nb6 18. Qa6 Bd6 19. Bxd6 Qxd6 20. Rec1 Qf4
21. Rc5 Nc4 22. Rb1 Qf5 23. Rf1 Nxb2 24. Rc7 Nd3 25. Rxa7 Rxa7
26. Qxa7 Nf4 27. g3 g5 28. Nd2 Ne2+ 29. Kg2 Qd3 30. Nb3 Rc8
31. Qe7 h6 32. Qf6 g4 33. f3 Rc2 34. Rf2 Qd1 35. fxg4 Qg1+
36. Kf3 Nxd4+ 37. Qxd4 e5 38. Rxc2 exd4 39. Rc1 Qe3+ 40. Kg2
Qe2+ 0-1

[Event "10th European Individual Women's Championship"]
[Site "St Petersburg RUS"]
[Date "2009.03.14"]
[EventDate "2009.03.08"]
[Round "7"]
[Result "0-1"]
[White "Sopio Gvetadze"]
[Black "Sopiko Guramishvili"]
[WhiteElo "2377"]
[BlackElo "2281"]
[PlyCount "98"]

1. e4 c5 2. Nf3 d6 3. d4 cxd4 4. Nxd4 Nf6 5. Nc3 a6 6. Bc4 e6
7. Bb3 Nbd7 8. f4 Nc5 9. e5 dxe5 10. fxe5 Nfd7 11. Qh5 g6
12. Qh3 Nxe5 13. Be3 Bg7 14. O-O-O Ned3+ 15. cxd3 Bxd4 16. Bh6
Nxb3+ 17. axb3 Qc7 18. Kb1 Qb6 19. Ne4 f5 20. Nd2 Bf6 21. Rc1
a5 22. Rc2 a4 23. bxa4 Qb4 24. Qe3 Bd7 25. Nc4 Qxa4 26. Na3
Qb3 27. Kc1 Kf7 28. d4 Qd5 29. Rd1 Rhc8 30. Rdd2 Ba4 31. Rc5
b6 32. Rxc8 Rxc8+ 33. Kb1 b5 34. Bg5 Bxg5 35. Qxg5 b4 36. Qh4
bxa3 37. Qxh7+ Kf6 38. Qh4+ Kg7 39. Qe7+ Kg8 40. Qxa3 Qe4+
41. Ka2 Bc6 42. Qg3 f4 43. Qg5 Ra8+ 44. Kb3 Qe3+ 45. Kc4 Bd5+
46. Kc5 Kf7 47. Rd1 Bb3 48. Kd6 Ra6+ 49. Kd7 Ra7+ 0-1

[Event "10th European Individual Women's Championship"]
[Site "St Petersburg RUS"]
[Date "2009.03.16"]
[EventDate "2009.03.08"]
[Round "8"]
[Result "1/2-1/2"]
[White "Sopiko Guramishvili"]
[Black "Natalia Zhukova"]
[WhiteElo "2281"]
[BlackElo "2490"]
[PlyCount "149"]

1. d4 Nf6 2. c4 e6 3. Nc3 Bb4 4. Bg5 h6 5. Bh4 c5 6. d5 d6
7. Qc2 O-O 8. e3 Qe7 9. Bd3 Nbd7 10. Nge2 exd5 11. cxd5 Ne5
12. O-O c4 13. Bf5 Bxf5 14. Qxf5 Qd7 15. Qc2 Ne8 16. Nd4 f5
17. Nce2 Nc7 18. f4 Ng4 19. Rf3 Rae8 20. Bf2 Nxd5 21. Qxc4 Qf7
22. Qd3 Bc5 23. Ng3 g6 24. a3 Re7 25. Rd1 Nxf2 26. Kxf2 Nf6
27. Kg1 Ne4 28. Nf1 Rfe8 29. Nc2 Kh7 30. h3 Qa2 31. b4 Bb6
32. g4 Rc7 33. Ne1 Rc3 34. Qb5 Qe6 35. Ng2 Rc2 36. Qd5 fxg4
37. hxg4 Qxd5 38. Rxd5 Nf6 39. Rxd6 Nxg4 40. Rd7+ Kh8 41. Rg3
h5 42. Nh4 Re6 43. Rxb7 Ra2 44. f5 gxf5 45. Nxf5 Rf6 46. Rf3
Rf8 47. Nh4 Rxf3 48. Nxf3 Rxa3 49. Re7 Rb3 50. Re4 Bxe3+
51. Nxe3 Rxe3 52. Rxe3 Nxe3 53. Nd4 Nd5 54. b5 Nc3 55. Kg2 Kg7
56. Kf3 Kg6 57. Kf4 Kf6 58. Kg3 Kg5 59. Ne6+ Kf5 60. Nd4+ Kf6
61. Kh4 Kg6 62. Kh3 Kg5 63. Ne6+ Kf6 64. Nd4 Nxb5 65. Nxb5 a5
66. Kh4 Ke5 67. Kxh5 Kd5 68. Kg4 Kc4 69. Na3+ Kb3 70. Nb5 Kb4
71. Nd4 a4 72. Kf3 Kc4 73. Ke3 a3 74. Nc2 a2 75. Kd2 1/2-1/2

[Event "Turkish Team Championship"]
[Site "Konya TUR"]
[Date "2011.06.28"]
[EventDate "2011.06.28"]
[Round "1"]
[Result "0-1"]
[White "Marina Brunello"]
[Black "Sopiko Guramishvili"]
[WhiteElo "2177"]
[BlackElo "2299"]
[PlyCount "136"]

1. e4 e5 2. Nf3 Nc6 3. d4 exd4 4. Nxd4 Nf6 5. Nc3 Bb4 6. Nxc6
bxc6 7. Bd3 d5 8. exd5 cxd5 9. O-O O-O 10. Bg5 c6 11. Na4 h6
12. Bh4 Re8 13. c3 Bd6 14. Bg3 c5 15. Qc2 Bxg3 16. hxg3 Qa5
17. b3 Bd7 18. Nb2 Rac8 19. c4 d4 20. Bf5 Qc3 21. Bd3 Qxc2
22. Bxc2 Re2 23. Rac1 Rce8 24. f3 Nh5 25. Kh2 R8e3 26. Nd1 Re5
27. Nf2 Bc6 28. Bd3 Rxa2 29. Ra1 Rd2 30. Rxa7 Nf6 31. Rc7 Be8
32. Be4 Kf8 33. Kg1 h5 34. Kh2 g6 35. Nd3 Rxe4 36. Nf2 Re5
37. Nd3 Re4 38. fxe4 Ng4+ 39. Kg1 Nf6 40. Kh2 Ng4+ 41. Kg1
Rxd3 42. Rxc5 Rxb3 43. Ra1 Kg7 44. Rd5 Rc3 45. Rd1 d3
46. R5xd3 Rxc4 47. Rd4 Rc3 48. R4d3 Rc4 49. Rd4 Rc3 50. R4d3
Rc7 51. Rd4 Bb5 52. Rb4 Bd7 53. Rbd4 Be6 54. R4d3 Ne5 55. Rd4
Rc3 56. Re1 Rxg3 57. Kh2 Rc3 58. Rd2 h4 59. Rde2 h3 60. Kh1
hxg2+ 61. Kxg2 Bh3+ 62. Kh1 Bg4 63. Re3 Rc2 64. Rf1 Bd7
65. Kg1 Bc6 66. Ra1 g5 67. Rg3 f6 68. Re3 g4 0-1

[Event "Turkish Team Championship"]
[Site "Konya TUR"]
[Date "2011.06.29"]
[EventDate "2011.06.28"]
[Round "2"]
[Result "0-1"]
[White "Sopiko Guramishvili"]
[Black "Nana Dzagnidze"]
[WhiteElo "2299"]
[BlackElo "2557"]
[PlyCount "48"]

1. d4 Nf6 2. c4 e6 3. Nf3 Nc6 4. a3 d5 5. Nc3 Ne7 6. e3 g6
7. Bd3 Bg7 8. O-O O-O 9. b4 dxc4 10. Bxc4 Ned5 11. Bd2 b6
12. Rc1 Nxc3 13. Bxc3 Bb7 14. Qb3 Ne4 15. Rfd1 Nxc3 16. Rxc3
Bxf3 17. gxf3 c5 18. f4 Qh4 19. Be2 cxd4 20. Rc7 Rac8 21. Qc4
Rcd8 22. Kg2 e5 23. Rxa7 exf4 24. exd4 Bxd4 0-1

[Event "Turkish Team Championship"]
[Site "Konya TUR"]
[Date "2011.06.30"]
[EventDate "2011.06.28"]
[Round "3"]
[Result "1-0"]
[White "Martha Lorena Fierro Baquero"]
[Black "Sopiko Guramishvili"]
[WhiteElo "2388"]
[BlackElo "2299"]
[PlyCount "77"]

1. c4 e6 2. g3 d5 3. Bg2 Nf6 4. Nf3 Nc6 5. O-O a6 6. b3 d4
7. Bb2 Bc5 8. d3 O-O 9. Na3 e5 10. Nc2 Re8 11. a3 Bf5 12. b4
Ba7 13. Rc1 Qd7 14. Re1 Rad8 15. c5 Be6 16. Ng5 Bb3 17. Bh3
Qe7 18. Qd2 Ba4 19. e3 Bxc2 20. Rxc2 dxe3 21. Qxe3 Nd5 22. Qc1
h6 23. Nf3 Qf6 24. Bg2 Qf5 25. Rd2 Nf6 26. Qc4 Nd7 27. Nh4 Qg5
28. Rde2 Re6 29. d4 b5 30. Qb3 Nxd4 31. Bxd4 exd4 32. Rxe6
fxe6 33. Qxe6+ Kh8 34. Ng6+ Kh7 35. Be4 Nf6 36. Bd3 Re8
37. Qxe8 Nxe8 38. Rxe8 Qc1+ 39. Kg2 1-0

[Event "Turkish Team Championship"]
[Site "Konya TUR"]
[Date "2011.07.01"]
[EventDate "2011.06.28"]
[Round "4"]
[Result "1/2-1/2"]
[White "Nilufer Cinar Corlulu"]
[Black "Sopiko Guramishvili"]
[WhiteElo "1991"]
[BlackElo "2299"]
[PlyCount "74"]

1. e4 c5 2. Nf3 d6 3. d4 cxd4 4. Nxd4 Nf6 5. Nc3 a6 6. Bg5
Nbd7 7. Bc4 Qb6 8. Bb3 e6 9. O-O Be7 10. Kh1 Nc5 11. f4 h6
12. Bh4 Qc7 13. Qf3 Bd7 14. Rae1 O-O-O 15. e5 Ng8 16. Bg3 g6
17. Ne4 Nxe4 18. Rxe4 Kb8 19. Rd1 h5 20. Re3 Nh6 21. Rc3 Qa5
22. exd6 Bxd6 23. f5 Bxg3 24. Qxg3+ Ka8 25. fxe6 fxe6 26. h3
e5 27. Nf3 e4 28. Qe5 Qxe5 29. Nxe5 Bf5 30. Rxd8+ Rxd8 31. Kg1
Kb8 32. Kf2 Rd2+ 33. Kf1 h4 34. Nc4 Rd7 35. Nb6 Rd2 36. Nc4
Rd7 37. Nb6 Rd2 1/2-1/2

[Event "Turkish Team Championship"]
[Site "Konya TUR"]
[Date "2011.07.04"]
[EventDate "2011.06.28"]
[Round "7"]
[Result "1-0"]
[White "Sopiko Guramishvili"]
[Black "Narmin Kazimova"]
[WhiteElo "2299"]
[BlackElo "2262"]
[PlyCount "51"]

1. c4 e6 2. g3 d5 3. Bg2 Be7 4. Nf3 dxc4 5. O-O a6 6. Ne5 c5
7. d4 Nf6 8. dxc5 Qc7 9. Nxc4 Qxc5 10. Nba3 Nbd7 11. Be3 Qc7
12. Nb1 Nb8 13. Bc1 Qc5 14. Nba3 Nbd7 15. Be3 Qc7 16. Rc1 Qb8
17. Na5 O-O 18. N3c4 Rd8 19. Qb3 Nd5 20. Rfd1 Re8 21. Bd4 Nc5
22. Qf3 f5 23. Bxc5 Bxc5 24. Rxd5 Bxf2+ 25. Qxf2 exd5 26. Nb6
1-0

[Event "Turkish Team Championship"]
[Site "Konya TUR"]
[Date "2011.07.04"]
[EventDate "2011.06.28"]
[Round "8"]
[Result "1-0"]
[White "Bela Khotenashvili"]
[Black "Sopiko Guramishvili"]
[WhiteElo "2470"]
[BlackElo "2299"]
[PlyCount "83"]

1. c4 e6 2. g3 Nf6 3. Bg2 d5 4. Nf3 Nc6 5. O-O a6 6. b3 d4
7. e3 Bc5 8. Bb2 O-O 9. b4 Nxb4 10. exd4 Ba7 11. Qb3 Nc6
12. Qc3 Bd7 13. d3 Ne7 14. Nbd2 Bc6 15. Rae1 Bxf3 16. Bxf3 Nf5
17. Nb3 c6 18. Be4 Nd6 19. a4 Rc8 20. a5 Re8 21. Bg2 Nf5
22. Bh3 Bb8 23. Nc5 Nd6 24. Re2 Bc7 25. Nb3 Nf5 26. Rfe1 Ne7
27. Ba3 Ng6 28. Bb4 Rb8 29. Qa1 Nh5 30. Bg2 Nf6 31. Bc3 Ne7
32. d5 cxd5 33. Bxf6 gxf6 34. Qxf6 Nc6 35. Qh6 Ne7 36. cxd5 e5
37. d4 Ng6 38. h4 e4 39. h5 Nf8 40. Rxe4 Qd7 41. Qg5+ Kh8
42. Qf6+ 1-0

[Event "Turkish Team Championship"]
[Site "Konya TUR"]
[Date "2011.07.05"]
[EventDate "2011.06.28"]
[Round "9"]
[Result "1-0"]
[White "Sopiko Guramishvili"]
[Black "Adriana Nikolova"]
[WhiteElo "2299"]
[BlackElo "2333"]
[PlyCount "87"]

1. d4 Nf6 2. c4 g6 3. Nc3 Bg7 4. e4 d6 5. Nf3 O-O 6. h3 e5
7. d5 a5 8. Bg5 Na6 9. Nd2 h6 10. Be3 Nc5 11. g4 c6 12. Be2
Ne8 13. h4 Bd7 14. h5 g5 15. O-O Nc7 16. b3 N5a6 17. a3 c5
18. Qc2 Qe7 19. Rfb1 Rfb8 20. Nb5 Ne8 21. f3 f5 22. exf5 e4
23. Qxe4 Qxe4 24. Nxe4 Bxa1 25. Rxa1 Bxb5 26. cxb5 Nac7 27. b6
Na6 28. Bb5 Kf7 29. Re1 Rd8 30. Bf2 a4 31. Bxa4 Nf6 32. Nxf6
Kxf6 33. Re6+ Kg7 34. Bb5 Rf8 35. Be1 c4 36. Bc3+ Kf7 37. Rxh6
Nc5 38. Rh7+ Kg8 39. Rg7+ Kh8 40. Rh7+ Kg8 41. Rg7+ Kh8 42. h6
Rfe8 43. Re7+ Kg8 44. h7+ 1-0

[Event "Turkish Team Championship"]
[Site "Konya TUR"]
[Date "2011.07.07"]
[EventDate "2011.06.28"]
[Round "11"]
[Result "1/2-1/2"]
[White "Sopiko Guramishvili"]
[Black "Salome Melia"]
[WhiteElo "2299"]
[BlackElo "2444"]
[PlyCount "82"]

1. Nf3 g6 2. c4 Bg7 3. d4 c5 4. d5 d6 5. g3 e6 6. Nc3 Nf6
7. Bg2 exd5 8. cxd5 O-O 9. O-O Re8 10. Nd2 Nbd7 11. a4 Ne5
12. f4 Neg4 13. Nc4 Nh5 14. Ne4 Bf8 15. Re1 f5 16. Ng5 Ng7
17. Bd2 h6 18. Nh3 Nh5 19. b4 cxb4 20. Bxb4 Nhf6 21. Qb3 b6
22. Nf2 Nxf2 23. Kxf2 Ba6 24. Bf3 Ne4+ 25. Kg2 Rc8 26. Na3 Qd7
27. Rac1 Bg7 28. Rc6 Bb7 29. Nb5 Bxc6 30. dxc6+ Qe6 31. Qxe6+
Rxe6 32. Nxa7 Rc7 33. Rc1 d5 34. a5 b5 35. a6 Rxa7 36. c7 Rxc7
37. Rxc7 Rxa6 38. Rc8+ Kh7 39. Rc7 Kg8 40. Rc8+ Kh7 41. Rc7
Kg8 1/2-1/2

[Event "European Individual Women's Championship"]
[Site "Gaziantep TUR"]
[Date "2012.03.10"]
[EventDate "2012.03.02"]
[Round "8"]
[Result "1-0"]
[White "Sopiko Guramishvili"]
[Black "Joanna Dworakowska"]
[WhiteElo "2395"]
[BlackElo "2304"]
[PlyCount "64"]

1. Nf3 Nf6 2. c4 e6 3. g3 d5 4. d4 dxc4 5. Bg2 Bd7 6. Ne5 Bc6
7. Nxc6 Nxc6 8. Qa4 Qd7 9. Qxc4 Nxd4 10. e3 Nc6 11. O-O h5
12. Nc3 h4 13. Rd1 Bd6 14. b4 hxg3 15. hxg3 Ne5 16. Qe2 O-O-O
17. Bb2 Qe7 18. Nb5 Kb8 19. Bd4 a6 20. Nxd6 cxd6 21. b5 a5
22. Bb6 Rc8 23. Bxa5 d5 24. a4 Ne4 25. Be1 Qf6 26. Rac1 Nc4
27. Rd4 Nc5 28. Rf4 Qe7 29. Bb4 Qd7 30. Rd4 Nb3 31. Rcxc4 Rxc4
32. Qxc4 f6 1-0

[Event "Turkish Bank Chess League"]
[Site "Konya TUR"]
[Date "2012.07.11"]
[EventDate "2012.07.11"]
[Round "1"]
[Result "0-1"]
[White "Aydin Duman"]
[Black "Sopiko Guramishvili"]
[WhiteElo "2215"]
[BlackElo "2400"]
[PlyCount "106"]

1. e4 e5 2. Nf3 Nc6 3. Bc4 Nf6 4. d3 Be7 5. O-O O-O 6. Re1 d6
7. a4 Kh8 8. a5 a6 9. Nbd2 Ng8 10. Nf1 f5 11. exf5 Bxf5
12. Ne3 Bg6 13. Nd2 Bh4 14. g3 Bg5 15. Bd5 Nf6 16. Bg2 d5
17. Nb3 Bh5 18. f3 Bxe3+ 19. Bxe3 Nd7 20. Nc5 Nxc5 21. Bxc5
Rf7 22. c3 b6 23. axb6 cxb6 24. Bf2 Qf6 25. Bxb6 Rb7 26. Bc5
Rxb2 27. g4 Bg6 28. Re2 Rb5 29. d4 Rab8 30. Re1 Qh4 31. Bf1
Rb2 32. Re2 Rb1 33. Rxb1 Rxb1 34. Qd2 e4 35. Qf4 h6 36. fxe4
Bxe4 37. Rxe4 dxe4 38. Qxe4 Qe1 39. Qxe1 Rxe1 40. Kf2 Ra1
41. Bg2 Nb8 42. d5 a5 43. c4 a4 44. Bd4 Rd1 45. Bc5 Nd7
46. Bb4 Rb1 47. Bd6 Rc1 48. Bf1 Rc3 49. Bb4 Rb3 50. Be7 a3
51. c5 a2 52. c6 a1=Q 53. cxd7 Qd4+ 0-1

[Event "Turkish Bank Chess League"]
[Site "Konya TUR"]
[Date "2012.07.14"]
[EventDate "2012.07.11"]
[Round "4"]
[Result "1/2-1/2"]
[White "Can Arduman"]
[Black "Sopiko Guramishvili"]
[WhiteElo "2336"]
[BlackElo "2400"]
[PlyCount "96"]

1. d4 d5 2. c4 c6 3. Nc3 dxc4 4. e4 b5 5. a4 b4 6. Na2 Nf6
7. f3 e5 8. Bxc4 Qxd4 9. Qe2 Bc5 10. Bg5 Qd6 11. Nc1 h6
12. Bh4 Nh5 13. Nb3 Nf4 14. Qc2 Bd4 15. Nxd4 exd4 16. Bg3 g5
17. Bxf4 gxf4 18. Ne2 Be6 19. Rc1 Ke7 20. Qd2 c5 21. Nxf4 Nd7
22. Bxe6 fxe6 23. Ng6+ Kf7 24. Nxh8+ Rxh8 25. O-O Kg7 26. b3
Rf8 27. f4 Kh7 28. Qd3 e5 29. f5 Nf6 30. Rfe1 Rc8 31. Rc2 Rc7
32. g3 Qe7 33. Kg2 Ng4 34. Kf3 Qg5 35. h3 Ne3 36. Rxe3 dxe3
37. Qxe3 Qe7 38. g4 Qd8 39. Rd2 Rd7 40. Rxd7+ Qxd7 41. Qxc5
Qd1+ 42. Kg3 Qd3+ 43. Kh4 Qd8+ 44. Kg3 Qd3+ 45. Kf2 Qd2+
46. Kg1 Qe1+ 47. Kh2 Qd2+ 48. Kg1 Qe1+ 1/2-1/2

[Event "Turkish Bank Chess League"]
[Site "Konya TUR"]
[Date "2012.07.15"]
[EventDate "2012.07.11"]
[Round "5"]
[Result "1-0"]
[White "Sopiko Guramishvili"]
[Black "Doga Cihan Goksel"]
[WhiteElo "2400"]
[BlackElo "2220"]
[PlyCount "125"]

1. c4 e6 2. g3 d5 3. Bg2 Nf6 4. d4 c6 5. Qc2 Bd6 6. Nf3 O-O
7. O-O Nbd7 8. Nbd2 Qe7 9. e4 Nxe4 10. Nxe4 dxe4 11. Qxe4 Re8
12. Re1 c5 13. Qc2 Nf6 14. a3 a5 15. dxc5 Bxc5 16. Ne5 Nd7
17. Nd3 Bd4 18. Be3 Bxe3 19. Rxe3 Nc5 20. Nxc5 Qxc5 21. Rb3
Rb8 22. Rb5 Qc7 23. c5 Bd7 24. Rb6 Bc6 25. Qc3 Bxg2 26. Kxg2
Rec8 27. Rc1 a4 28. Qb4 Qe5 29. Rd6 h5 30. Rc3 Rc6 31. Rd7 b5
32. cxb6 Rcxb6 33. Qxa4 Rxb2 34. Rf3 f5 35. Qa7 R2b3 36. Re3
Rxe3 37. Rxg7+ Qxg7 38. Qxb8+ Kh7 39. fxe3 Qd7 40. Qf4 Qd3
41. a4 Kg6 42. Kh3 Qe2 43. a5 e5 44. Qb4 Kg5 45. Qe7+ Kg6
46. Qe6+ Kg5 47. Qg8+ Kh6 48. a6 Qxa6 49. Qh8+ Kg6 50. Qxe5
Qe2 51. Qf4 Qd2 52. Qd4 Qe2 53. Qd6+ Kg5 54. Qf4+ Kg6 55. Qd4
Qc2 56. Qd6+ Kg5 57. Qe5 Kg6 58. Qe6+ Kh7 59. Qf7+ Kh6
60. Qf6+ Kh7 61. Qg5 Qe2 62. Qxf5+ Kh6 63. e4 1-0

[Event "Turkish Bank Chess League"]
[Site "Konya TUR"]
[Date "2012.07.16"]
[EventDate "2012.07.11"]
[Round "6"]
[Result "0-1"]
[White "Cankut Emiroglu"]
[Black "Sopiko Guramishvili"]
[WhiteElo "2278"]
[BlackElo "2400"]
[PlyCount "78"]

1. e4 c5 2. Nf3 d6 3. d4 Nf6 4. dxc5 Qa5+ 5. Bd2 Qxc5 6. Bd3
g6 7. h3 Bg7 8. c4 Be6 9. Be3 Qb4+ 10. Qd2 Qxd2+ 11. Kxd2 Nc6
12. Nc3 O-O 13. Rac1 Nd7 14. b3 a5 15. Na4 h6 16. Rhd1 f5
17. exf5 Bxf5 18. Ke2 Nb4 19. Bxf5 gxf5 20. a3 Na6 21. Rc2 f4
22. Nb6 Nxb6 23. Bxb6 Nb8 24. Rd5 Nc6 25. Rcd2 Ra6 26. Rb5 Bc3
27. Rdd5 a4 28. b4 Bb2 29. Rd3 Rc8 30. c5 d5 31. Kd1 e5
32. Nd2 Nd4 33. Ra5 Rxa5 34. bxa5 e4 35. c6 exd3 36. Bxd4 Bxd4
37. cxb7 Re8 38. Nf3 Ba7 39. Ne1 Re7 0-1